[Event "Montreal Mercredi 09"]
[Site "Montreal"]
[Date "2007.10.04"]
[Round "5"]
[White "Torkan, Behnam"]
[Black "Forget, Luc"]
[Result "1/2-1/2"]
[WhiteElo "1906"]
[BlackElo "1971"]
[PlyCount "110"]
[EventDate "2007.09.05"]
[EventType "swiss"]
[EventRounds "5"]
[EventCountry "CAN"]
[SourceTitle "EXT 2022"]
[Source "ChessBase"]
[SourceDate "2021.10.06"]
[SourceVersion "1"]
[SourceVersionDate "2021.10.06"]
[SourceQuality "1"]

1. e4 e5 2. Nf3 Nc6 3. d4 exd4 4. Bc4 Nf6 5. e5 Ng4 6. Bxf7+ Kxf7 7. Ng5+ Kg8 8. Qxg4 h6 9. Nf3 d6 10. e6 Qf6 11. 0-0 Bxe6 12. Qh5 Ne5 13. Nxe5 dxe5 14. Nd2 Bd6 15. Ne4 Qf5 16. Qe2 Kh7 17. f4 Rhf8 18. Bd2 Bd5 19. Nxd6 cxd6 20. fxe5 Qxe5 21. Qg4 Rae8 22. Rfe1 Qf6 23. Rf1 Qg6 24. Qxg6+ Kxg6 25. Rxf8 Rxf8 26. Bb4 Rc8 27. c3 b6 28. Rd1 dxc3 29. Bxc3 Rc5 30. a3 a5 31. Rd3 Kf7 32. b4 axb4 33. axb4 Rb5 34. Rg3 g6 35. Rd3 Ke6 36. Re3+ Kf5 37. Re8 Be4 38. g4+ Kf4 39. Bd2+ Kf3 40. Rf8+ Ke2 41. Rf2+ Kd3 42. Bxh6 Rxb4 43. Rd2+ Kc4 44. Rxd6 Kb3 45. Kf2 b5 46. Bg7 Rc4 47. h4 b4 48. h5 gxh5 49. gxh5 Bh7 50. h6 Kc2 51. Rd7 b3 52. Be5 Be4 53. h7 Bxh7 54. Rxh7 b2 55. Bxb2 Kxb2 1/2-1/2

[Event "Montreal Mercredi 05"]
[Site "Montreal"]
[Date "2007.05.30"]
[Round "3"]
[White "Brodie, Hugh"]
[Black "Torkan, Behnam"]
[Result "0-1"]
[WhiteElo "1849"]
[BlackElo "1914"]
[PlyCount "108"]
[EventDate "2007.05.16"]
[EventType "swiss"]
[EventRounds "6"]
[EventCountry "CAN"]
[SourceTitle "EXT 2022"]
[Source "ChessBase"]
[SourceDate "2021.10.06"]
[SourceVersion "1"]
[SourceVersionDate "2021.10.06"]
[SourceQuality "1"]

1. f4 e6 2. Nf3 Nf6 3. e3 b6 4. b3 Bb7 5. Bb2 Be7 6. Be2 c5 7. 0-0 Nc6 8. Bb5 a6 9. Bxc6 Bxc6 10. c4 0-0 11. Nc3 d5 12. Ne5 Bb7 13. d3 Qc7 14. Qe1 Rfd8 15. Rd1 dxc4 16. dxc4 Rxd1 17. Qxd1 Rd8 18. Qe2 Ne4 19. Nxe4 Bxe4 20. Rd1 Bf6 21. Kf2 Rd6 22. Rd2 Qd8 23. Rxd6 Qxd6 24. g3 Be7 25. Ke1 f6 26. Ng4 Bb7 27. e4 Qc6 28. Nf2 b5 29. Qd3 bxc4 30. Qxc4 Kf8 31. Kd2 a5 32. Qc3 a4 33. bxa4 Qxa4 34. Qb3 Qc6 35. Ba3 Ba6 36. Qc3 Qd7+ 37. Ke1 Qb5 38. Qe3 Qf1+ 39. Kd2 Qc4 40. Kd1 Kf7 41. f5 Qxa2 42. fxe6+ Kxe6 43. Qf3 Kf7 44. Ng4 Kg8 45. Qf5 Qxa3 46. Qe6+ Kf8 47. Qc6 Qd3+ 48. Ke1 Qd6 49. Qa8+ Kf7 50. e5 fxe5 51. Nxe5+ Ke6 52. Qg8+ Kxe5 53. Qxg7+ Bf6 54. Qg4 Qd4 0-1

[Event "Montreal Mercredi 05"]
[Site "Montreal"]
[Date "2007.05.23"]
[Round "2"]
[White "Torkan, Behnam"]
[Black "Leclair, Hugues"]
[Result "1-0"]
[WhiteElo "1914"]
[BlackElo "1797"]
[PlyCount "45"]
[EventDate "2007.05.16"]
[EventType "swiss"]
[EventRounds "6"]
[EventCountry "CAN"]
[SourceTitle "EXT 2022"]
[Source "ChessBase"]
[SourceDate "2021.10.06"]
[SourceVersion "1"]
[SourceVersionDate "2021.10.06"]
[SourceQuality "1"]

1. e4 c5 2. d4 cxd4 3. c3 dxc3 4. Nxc3 Nc6 5. Bc4 a6 6. Nf3 e6 7. 0-0 Qc7 8. Bg5 Be7 9. Qd2 Ne5 10. Nxe5 Qxe5 11. Bf4 Qc5 12. Bb3 Nf6 13. Rac1 Qh5 14. Bd6 Ng4 15. h3 Ne5 16. Na4 Qxh3 17. Bxe5 Qg4 18. Nb6 Bg5 19. f4 Bh4 20. Bd6 Bg3 21. Rf3 h5 22. Nxa8 f6 23. Rxc8+ 1-0